[Event "4th CNE NED-ch Women Rapid"]
[Site "Amstelveen"]
[Date "2018.11.18"]
[Round "7"]
[White "Van Foreest, Machteld"]
[Black "Lanchava, Tea"]
[Result "0-1"]
[WhiteElo "2003"]
[BlackElo "2314"]
[Annotator "TA"]
[PlyCount "80"]
[EventDate "2018.11.18"]
[EventType "tourn"]
[EventCountry "NED"]
[SourceTitle "playchess.com"]
[Source "ChessBase"]
[SourceQuality "1"]

{[%evp 9,80,42,43,24,37,29,43,34,31,7,83,65,72,45,91,0,28,-12,-16,-68,0,-85,-92,-93,-93,-104,-103,-112,-56,-64,-64,-59,-55,-57,-68,-53,-59,-50,-12,-40,7,-53,0,-8,0,0,0,-2,-4,-95,23,-12,22,22,24,0,0,0,3,-62,15,-191,-177,-585,-566,-531,-449,-465,-397,-510,-474,-844,-827]} 1. e4 c6 2. d4 g6 3. Nf3 Bg7 4. Be3 d6 5. Nc3 Nd7 6. Be2 {B06: Modern Defence} (6. Qd2 b5 7. Bd3 Ngf6 8. h3 O-O 9. O-O e5 10. dxe5 dxe5 11. Ne2 Nh5 12. a4 bxa4 13. Rxa4 Nb6 14. Ra5 f5 15. Nxe5 fxe4 16. Bxe4 Qc7 17. Bxb6 Qxb6 18. Bxc6 Ba6 19. Rxa6 Qxa6 20. Bxa8 Kh8 21. Qd5 Nf6 22. Nf7+ Kg8 23. Nh6+ Kh8 24. Nf7+ Kg8 {½-½ (24) Ponomariov,R (2764)-Efimenko,Z (2706) Khanty-Mansiysk 2011}) 6... b5 7. a3 a6 8. Qd2 {White is slightly better.} Qc7 9. O-O h6 (9... Ngf6 $11 {remains equal.}) 10. Rad1 Bb7 11. Rfe1 (11. e5 $5) 11... Ngf6 12. Qd3 $146 (12. e5 $16) ({Predecessor:} 12. Bd3 c5 13. dxc5 dxc5 14. Bf4 e5 15. Bg3 {0-1 (42) Comanescu,I-Foisor,S Sovata 2002}) 12... O-O 13. Bf1 Rad8 14. Bc1 (14. h3 $11) 14... e5 ({Black should try} 14... c5 $15) 15. Qe2 (15. dxe5 $11 {keeps the balance.} dxe5 16. Qd6 Qxd6 17. Rxd6) 15... exd4 $17 16. Nxd4 c5 17. Nf3 {[#]} Rfe8 $1 {White must now prevent ...d5!} 18. Qd3 b4 (18... Nb6 $17 19. Re2 c4) 19. Nd5 $15 Nxd5 20. exd5 Nb6 21. Rxe8+ Rxe8 22. Qb3 a5 {[%cal Ba6a5,Ba5b4][%mdl 32]} 23. axb4 axb4 24. Be3 Qc8 25. c3 ({White should play} 25. c4 $11) 25... Re4 (25... Qf5 $15 26. c4 Ra8) 26. Nd2 Re7 27. Nf3 Qa8 {[%cal Rb7d5]} 28. cxb4 Bxd5 29. Qc2 (29. Qd3 $11) 29... Be4 ({Better is} 29... Bxf3 $17 30. gxf3 Nd5 31. bxc5 Rxe3 32. Rxd5 Qxd5 33. fxe3 Qxf3) 30. Qe2 Nd7 31. Rxd6 cxb4 32. Nd4 Be5 33. Ra6 Qb7 $36 {[%mdl 2048] Black fights for an advantage.} 34. f3 (34. h3 $11) 34... Bd5 (34... Nc5 $1 $15 35. Ra5 Bxd4 36. Bxd4 Nb3 {[%mdl 64] Double Attack}) 35. Qd3 $2 (35. Qd2 $11 {and White is okay.}) 35... Nc5 $19 {[%mdl 64] Double Attack} 36. Qb5 $2 (36. Rxg6+ fxg6 37. Qxg6+ Bg7 38. Bxh6) 36... Nxa6 37. Qxa6 Qxa6 38. Bxa6 {[#]} Bxh2+ $1 {[%mdl 512]} 39. Kxh2 Rxe3 40. Nc2 (40. Kg3 $142) 40... Rb3 {Accuracy: White = 20%, Black = 50%.} 0-1

[Event "4th CNE NED-ch Women Rapid"]
[Site "Amstelveen"]
[Date "2018.11.18"]
[Round "8"]
[White "De Jong-Muhren, Bianca"]
[Black "Haast, Anne"]
[Result "0-1"]
[WhiteElo "2243"]
[BlackElo "2309"]
[Annotator "ChessBase"]
[PlyCount "90"]
[EventDate "2018.11.18"]
[EventType "tourn"]
[EventCountry "NED"]
[SourceTitle "playchess.com"]
[Source "ChessBase"]
[SourceQuality "1"]
[TimeControl "900+10"]

1. e4 {[%emt 0:12:08]} c5 {[%emt 0:12:07]} 2. Nf3 {[%emt 0:00:09]} e6 {[%emt 0:00:09]} 3. d4 {[%emt 0:00:09]} cxd4 {[%emt 0:00:09]} 4. Nxd4 {[%emt 0:00:09]} Nc6 {[%emt 0:00:10]} 5. Nc3 {[%emt 0:00:09]} a6 {[%emt 0:00:09]} 6. Be2 {[%emt 0:00:11]} Nf6 {[%emt 0:00:20]} 7. O-O {[%emt 0:00:10]} Qc7 {[%emt 0:00:15]} 8. Be3 {[%emt 0:00:09]} Be7 {[%emt 0:00:21]} 9. f4 {[%emt 0:00:12]} d6 {[%emt 0:00:09]} 10. a4 {[%emt 0:00:10]} O-O {[%emt 0:00:12]} 11. Kh1 {[%emt 0:00:10]} Re8 {[%emt 0:00:17]} 12. Bf3 {[%emt 0:00:18]} Nxd4 {[%emt 0:00:16]} 13. Qxd4 {[%emt 0:00:25]} e5 {[%emt 0:00:10]} 14. Qd2 {[%emt 0:00:11]} Be6 {[%emt 0:00:11]} 15. f5 {[%emt 0:00:31]} Bc4 {[%emt 0:00:09]} 16. Rfd1 {[%emt 0:00:11]} a5 {[%emt 0:00:21]} 17. g4 {[%emt 0:00:24]} d5 {[%emt 0:00:25]} 18. exd5 {[%emt 0:00:36]} e4 {[%emt 0:00:10]} 19. Nxe4 {[%emt 0:00:32]} Nxd5 {[%emt 0:00:08]} 20. Bg1 {[%emt 0:00:21]} Rad8 {[%emt 0:00:14]} 21. b3 {[%emt 0:00:16]} Nf6 {[%emt 0:00:20]} 22. Qg2 {[%emt 0:00:15]} Ba6 {[%emt 0:00:22]} 23. c4 {[%emt 0:00:16]} b6 {[%emt 0:00:13]} 24. Nc3 {[%emt 0:00:15]} Bc5 {[%emt 0:00:29]} 25. Nd5 {[%emt 0:00:16]} Nxd5 {[%emt 0:00:09]} 26. Bxd5 {[%emt 0:00:10]} Bxg1 {[%emt 0:00:14]} 27. Rxg1 {[%emt 0:00:11]} Re3 {[%emt 0:00:09]} 28. Rab1 {[%emt 0:00:14]} Rde8 {[%emt 0:00:10]} 29. Rgf1 {[%emt 0:00:11]} Qe5 {[%emt 0:00:12]} 30. Rbd1 {[%emt 0:00:19]} Rxb3 {[%emt 0:00:21]} 31. g5 {[%emt 0:00:16]} Rb2 {[%emt 0:00:14]} 32. Qh3 {[%emt 0:00:17]} Bc8 {[%emt 0:00:15]} 33. g6 {[%emt 0:00:12]} hxg6 {[%emt 0:00:10]} 34. Bxf7+ {[%emt 0:00:09]} Kxf7 {[%emt 0:00:28]} 35. fxg6+ {[%emt 0:00:09]} Kxg6 {[%emt 0:00:13]} 36. Rg1+ {[%emt 0:00:13]} Kf7 {[%emt 0:00:12]} 37. Rdf1+ {[%emt 0:00:10]} Kg8 {[%emt 0:00:13]} 38. Qh4 {[%emt 0:00:13]} Qe4+ {[%emt 0:00:11]} 39. Qxe4 {[%emt 0:00:09]} Rxe4 {[%emt 0:00:08]} 40. Rd1 {[%emt 0:00:09]} Bg4 {[%emt 0:00:12]} 41. Rd3 {[%emt 0:00:09]} Rf4 {[%emt 0:00:12]} 42. Re1 {[%emt 0:00:09]} Bf3+ {[%emt 0:00:10]} 43. Kg1 {[%emt 0:00:09]} Rg2+ {[%emt 0:00:09]} 44. Kh1 {[%emt 0:00:14]} Rg3+ {[%emt 0:00:09]} 45. Rxf3 {[%emt 0:00:11]} Rgxf3 {[%emt 0:00:08]} 0-1

[Event "4th CNE NED-ch Women Rapid"]
[Site "Amstelveen"]
[Date "2018.11.18"]
[Round "9"]
[White "Haast, Anne"]
[Black "De Jong-Muhren, Bianca"]
[Result "1-0"]
[WhiteElo "2309"]
[BlackElo "2243"]
[Annotator "ChessBase"]
[PlyCount "37"]
[EventDate "2018.11.18"]
[EventType "tourn"]
[EventCountry "NED"]
[SourceTitle "playchess.com"]
[Source "ChessBase"]
[SourceQuality "1"]
[TimeControl "900+10"]

1. e4 {[%emt 0:12:06]} c5 {[%emt 0:12:06]} 2. Nf3 {[%emt 0:00:09]} e6 {[%emt 0:00:09]} 3. d4 {[%emt 0:00:09]} cxd4 {[%emt 0:00:08]} 4. Nxd4 {[%emt 0:00:08]} Nc6 {[%emt 0:00:09]} 5. Nc3 {[%emt 0:00:10]} Qc7 {[%emt 0:00:09]} 6. Be3 {[%emt 0:00:12]} a6 {[%emt 0:00:08]} 7. Qd2 {[%emt 0:00:10]} Nf6 {[%emt 0:00:09]} 8. f3 {[%emt 0:00:08]} Be7 {[%emt 0:00:11]} 9. O-O-O {[%emt 0:00:12]} O-O {[%emt 0:00:12]} 10. g4 {[%emt 0:00:14]} b5 {[%emt 0:00:13]} 11. g5 {[%emt 0:00:10]} Nh5 {[%emt 0:00:09]} 12. Kb1 {[%emt 0:00:17]} Bb7 {[%emt 0:00:21]} 13. Nce2 {[%emt 0:00:09]} Ne5 {[%emt 0:00:11]} 14. Ng3 {[%emt 0:00:13]} Nxg3 {[%emt 0:00:54]} 15. hxg3 {[%emt 0:00:09]} Nxf3 {[%emt 0:00:10]} 16. Nxf3 {[%emt 0:00:13]} Bxe4 {[%emt 0:00:08]} 17. Bd3 {[%emt 0:00:33]} Bxf3 {[%emt 0:00:58]} 18. Bxh7+ {[%emt 0:00:19]} Kh8 {[%emt 0:00:08]} 19. Qh2 {[%emt 0:00:34]} 1-0